| 000 | 00432nam a22001697a 4500 | ||
|---|---|---|---|
| 003 | OSt | ||
| 005 | 20260407122630.0 | ||
| 008 | 260330b |||||||| |||| 00| 0 Pun d | ||
| 020 | _a9788182995604 | ||
| 040 | _cBGL | ||
| 100 | _aਲੋਹਗੜ੍ਹ ਨਾਵਲ | ||
| 245 | _aਸਹਿਰਾਈ ਹਰਨਾਮ ਦਾਸ | ||
| 260 |
_aDelhi _bArsee Publishers _c2022 |
||
| 300 | _a272p | ||
| 650 | _aPunjabi | ||
| 942 |
_2ddc _cGB |
||
| 999 |
_c44348 _d44348 |
||